000 00549cam a22002171 4500
001 sa 66002181
003 DLC
005 20260227112227.0
008 890626s1965 ii a 000 0 gujo
010 _asa 66002181
035 _a(OCoLC)19928991
040 _aDLC
_cWaU
_dDLC
042 _apremarc
050 0 0 _aPK1856
_b.T7
100 1 _aTrivedī, Jeṭhālāla Nārāyaṇa,
_d1908-
245 1 0 _aPrācīna kāvyamañjarī.
260 _c[1965]
300 _a424 p.
_billus.
_c23 cm.
500 _aIn Gujarati.
650 0 _aGujarati poetry.
999 _c68198
_d68198